All Official Languages of Bolivia - Statistics

General Stats
  • This quiz has been taken 22 times
  • The average score is 9 of 37
Answer Stats
Answer % Correct
Spanish
94%
Quechua
69%
Aymara
63%
Guaraní
63%
Bésiro
25%
Guarayu
25%
Puquina
25%
Weenhayek
25%
Yuki
25%
Araona
19%
Baure
19%
Canichana
19%
Cavineño
19%
Cayubaba
19%
Chácobo
19%
Chimán
19%
Ese Ejja
19%
Guarasu'we
19%
Itonama
19%
Leco
19%
Machajuyai-Kallawaya
19%
Machineri
19%
Maropa
19%
Mojeño-Ignaciano
19%
Mojeño-Trinitario
19%
Mosetén
19%
Movima
19%
Pacawara
19%
Sirionó
19%
Tacana
19%
Toromona
19%
Uru-Chipaya
19%
Yaminawa
19%
Yuracaré
19%
Zamuco
19%
Moré
13%
Tapieté
13%
No matching quizzes found
Score Distribution
Percent of People with Each Score
Percentile by Number Answered
Your Score History
You have not taken this quiz